[Event "BI-2015-F-0000"]
[Site "LSS email"]
[Date "2015.02.12"]
[Round "?"]
[White "Gruber, Rudolf"]
[Black "Thurrott, Allan"]
[Result "1/2-1/2"]
[WhiteElo "2296"]
[BlackElo "2223"]
[PlyCount "78"]
[EventDate "2015.02.11"]
[EventType "tourn (corr)"]
[EventRounds "10"]
[EventCountry "GER"]
[SourceTitle "Corr 2022"]
[Source "ChessBase"]
[SourceDate "2021.10.24"]
[SourceVersion "1"]
[SourceVersionDate "2021.10.24"]
[SourceQuality "1"]

1. e4 c6 2. d4 d5 3. e5 Bf5 4. Nf3 e6 5. Be2 c5 6. Be3 cxd4 7. Nxd4 Ne7 8. c4 Nbc6 9. Qa4 a6 10. Nc3 dxc4 11. Rd1 Bd3 12. Bxd3 cxd3 13. Rxd3 b5 14. Ndxb5 Qxd3 15. Nc7+ Kd7 16. Nxa8 Ng6 17. Nb6+ Kc7 18. Qe4 Ngxe5 19. Nba4 Bb4 20. Qxd3 Nxd3+ 21. Kd2 Nde5 22. Ke2 Nc4 23. Bf4+ Bd6 24. Bc1 Be5 25. Rd1 Bd4 26. Rxd4 Nxd4+ 27. Kd3 Nxb2+ 28. Bxb2 Rd8 29. Kc4 Nf5 30. Ne4 Nd6+ 31. Nxd6 Kxd6 32. Bd4 e5 33. Be3 Rc8+ 34. Nc5 f5 35. f4 e4 36. a4 a5 37. Bd4 g6 38. Be5+ Kc6 39. Bc3 Kd6 1/2-1/2

[Event "BI-2015-F-0000"]
[Site "LSS email"]
[Date "2015.02.12"]
[Round "?"]
[White "Silkin, Alexey"]
[Black "Thurrott, Allan"]
[Result "1/2-1/2"]
[WhiteElo "2212"]
[BlackElo "2223"]
[PlyCount "70"]
[EventDate "2015.02.11"]
[EventType "tourn (corr)"]
[EventRounds "10"]
[EventCountry "GER"]
[SourceTitle "Corr 2022"]
[Source "ChessBase"]
[SourceDate "2021.10.24"]
[SourceVersion "1"]
[SourceVersionDate "2021.10.24"]
[SourceQuality "1"]

1. e4 c6 2. d4 d5 3. Nc3 dxe4 4. Nxe4 Bf5 5. Ng3 Bg6 6. Nf3 Nd7 7. Bd3 Ngf6 8. Bxg6 hxg6 9. 0-0 e6 10. Bf4 Qb6 11. Qe2 c5 12. Rfd1 cxd4 13. Nxd4 Bc5 14. Nb3 Be7 15. c4 Rd8 16. Rac1 0-0 17. c5 Nxc5 18. Be3 Rxd1+ 19. Qxd1 Rd8 20. Qf1 Rd5 21. h3 a5 22. Qc4 Nfd7 23. Ne4 Ne5 24. Qc2 Ned3 25. Nbxc5 Bxc5 26. Bxc5 Qc6 27. Nc3 Rd7 28. Be3 Nxc1 29. Qxc1 b5 30. a3 Rd3 31. Kh2 Kh7 32. Ne2 Qd6+ 33. Ng3 f5 34. Qc2 Rd5 35. f4 e5 1/2-1/2

[Event "BI-2015-F-0000"]
[Site "LSS email"]
[Date "2015.02.12"]
[Round "?"]
[White "Thurrott, Allan"]
[Black "Cardoso, Sergio"]
[Result "1/2-1/2"]
[WhiteElo "2223"]
[BlackElo "2152"]
[PlyCount "93"]
[EventDate "2015.02.11"]
[EventType "tourn (corr)"]
[EventRounds "10"]
[EventCountry "GER"]
[SourceTitle "Corr 2022"]
[Source "ChessBase"]
[SourceDate "2021.10.24"]
[SourceVersion "1"]
[SourceVersionDate "2021.10.24"]
[SourceQuality "1"]

1. c4 f5 2. d4 d6 3. Nc3 Nf6 4. Bg5 Nbd7 5. Qc2 g6 6. Nf3 Bg7 7. 0-0-0 0-0 8. e3 Qe8 9. Kb1 c6 10. h3 e5 11. Nd2 Qf7 12. f3 exd4 13. exd4 Nh5 14. Ne2 f4 15. Ne4 d5 16. cxd5 cxd5 17. Nd6 Qe6 18. Qc7 Nb6 19. Nc3 Ng3 20. Rg1 Nf5 21. Bxf4 Nxd4 22. Bh2 Qe3 23. Qc5 Bf5+ 24. Nxf5 Nxf5 25. Qxe3 Nxe3 26. Rd3 Rfe8 27. Be2 Rac8 28. Bf4 Nec4 29. Bd1 Kh8 30. g4 a5 31. Bc1 Na3+ 32. bxa3 Bxc3 33. h4 d4 34. h5 Nc4 35. f4 Kg7 36. hxg6 hxg6 37. Rh1 Ne3 38. Bb3 Re4 39. f5 gxf5 40. gxf5 Rc5 41. Rh3 Rce5 42. a4 Kf6 43. Rh8 Rxf5 44. Rf8+ Kg6 45. Rg8+ Kh7 46. Bxe3 Rxe3 47. Rd1 1/2-1/2

[Event "BI-2015-F-0000"]
[Site "LSS email"]
[Date "2015.02.12"]
[Round "?"]
[White "Thurrott, Allan"]
[Black "Orlov, Vladimir"]
[Result "1-0"]
[WhiteElo "2223"]
[BlackElo "2237"]
[PlyCount "77"]
[EventDate "2015.02.11"]
[EventType "tourn (corr)"]
[EventRounds "10"]
[EventCountry "GER"]
[SourceTitle "Corr 2022"]
[Source "ChessBase"]
[SourceDate "2021.10.24"]
[SourceVersion "1"]
[SourceVersionDate "2021.10.24"]
[SourceQuality "1"]

1. c4 Nf6 2. Nc3 e5 3. Nf3 Nc6 4. g3 d5 5. cxd5 Nxd5 6. Bg2 Nb6 7. 0-0 Be7 8. a3 0-0 9. b4 Be6 10. Rb1 f6 11. d3 a5 12. b5 Nd4 13. Nd2 Bd5 14. Nxd5 Nxd5 15. Ne4 a4 16. e3 Nb3 17. Qc2 Kh8 18. Nd2 Nxc1 19. Qxc1 Nb6 20. Rd1 Qc8 21. Ne4 f5 22. Nc5 Rb8 23. Qc3 Bd6 24. Rbc1 f4 25. d4 f3 26. Bf1 Qf5 27. e4 Qf6 28. d5 Qg6 29. Qe3 Rf7 30. Bh3 Qh5 31. Bf5 Rf6 32. Rc3 Qf7 33. Ne6 h6 34. g4 Rg8 35. Kh1 Qe7 36. Rdc1 Na8 37. g5 hxg5 38. Rg1 Rh6 39. Rg3 1-0